[Event "DEM U12w 2023"]
[Site "Willingen GER"]
[Date "2023.05.29"]
[Round "3"]
[White "Färber, Anna"]
[Black "Malagatte, Samiksha"]
[Result "0-1"]
[Termination "normal"]
[Board "6"]
[WhiteElo "1252"]
[BlackElo "1214"]
[WhiteClock "00:07:15"]
[BlackClock "00:09:23"]
[PlyCount "82"]
[WhiteFideId "34633480"]
[BlackFideId "34633790"]
[EventCountry "GER"]
[EventRounds "9"]
[EventType "swiss"]
[EventDate "2023.05.27"]

1. e4 {[%clk 01:30:55]} {[%emt 00:00:05]} e5 {[%clk 01:30:55]} {[%emt
00:00:05]} 2. Nf3 {[%clk 01:31:13]} {[%emt 00:00:12]} Nc6 {[%clk 01:31:17]}
{[%emt 00:00:09]} 3. Bc4 {[%clk 01:31:33]} {[%emt 00:00:09]} Nf6 {[%clk
01:31:38]} {[%emt 00:00:08]} 4. d3 {[%clk 01:31:54]} {[%emt 00:00:10]} Be7
{[%clk 01:32:01]} {[%emt 00:00:08]} 5. O-O {[%clk 01:32:11]} {[%emt 00:00:12]}
O-O {[%clk 01:32:21]} {[%emt 00:00:08]} 6. c3 {[%clk 01:32:22]} {[%emt
00:00:21]} d5 {[%clk 01:32:43]} {[%emt 00:00:08]} 7. exd5 {[%clk 01:31:45]}
{[%emt 00:01:08]} Nxd5 {[%clk 01:32:58]} {[%emt 00:00:15]} 8. Re1 {[%clk
01:31:00]} {[%emt 00:01:15]} Bg4 {[%clk 01:31:41]} {[%emt 00:01:46]} 9. Nbd2
{[%clk 01:28:46]} {[%emt 00:02:44]} Nb6 {[%clk 01:31:23]} {[%emt 00:00:46]} 10.
Bb5 {[%clk 01:27:53]} {[%emt 00:01:25]} Bd6 {[%clk 01:20:44]} {[%emt 00:11:09]}
11. Ne4 {[%clk 01:21:53]} {[%emt 00:06:31]} Re8 {[%clk 01:16:27]} {[%emt
00:04:45]} 12. h3 {[%clk 01:16:06]} {[%emt 00:06:18]} Bh5 {[%clk 01:15:37]}
{[%emt 00:01:19]} 13. Ng3 {[%clk 01:14:05]} {[%emt 00:02:32]} Bg6 {[%clk
01:12:04]} {[%emt 00:04:02]} 14. Ng5 {[%clk 01:11:17]} {[%emt 00:03:19]} h6
{[%clk 01:05:35]} {[%emt 00:06:59]} 15. N5e4 {[%clk 01:09:46]} {[%emt
00:02:01]} a6 {[%clk 01:02:39]} {[%emt 00:03:26]} 16. Bxc6 {[%clk 01:07:53]}
{[%emt 00:02:23]} bxc6 {[%clk 01:02:36]} {[%emt 00:00:33]} 17. Qf3 {[%clk
01:04:06]} {[%emt 00:04:16]} Qd7 {[%clk 00:57:40]} {[%emt 00:05:26]} 18. Be3
{[%clk 01:00:16]} {[%emt 00:04:20]} Nd5 {[%clk 00:55:47]} {[%emt 00:02:23]} 19.
Bc5 {[%clk 00:54:06]} {[%emt 00:06:40]} Re6 {[%clk 00:49:28]} {[%emt 00:06:50]}
20. Kf1 {[%clk 00:47:37]} {[%emt 00:06:59]} Rae8 {[%clk 00:47:53]} {[%emt
00:02:05]} 21. Nf5 {[%clk 00:42:05]} {[%emt 00:06:01]} Bh7 {[%clk 00:41:52]}
{[%emt 00:06:30]} 22. h4 {[%clk 00:36:29]} {[%emt 00:06:11]} Nf4 {[%clk
00:37:01]} {[%emt 00:05:20]} 23. Nfg3 {[%clk 00:30:44]} {[%emt 00:06:16]} R6e7
{[%clk 00:30:14]} {[%emt 00:07:17]} 24. Bxd6 {[%clk 00:24:02]} {[%emt
00:07:13]} cxd6 {[%clk 00:28:55]} {[%emt 00:01:48]} 25. d4 {[%clk 00:23:23]}
{[%emt 00:01:09]} Qe6 {[%clk 00:23:43]} {[%emt 00:05:41]} 26. Nd2 {[%clk
00:21:16]} {[%emt 00:02:39]} Qd5 {[%clk 00:22:35]} {[%emt 00:01:36]} 27. Qxd5
{[%clk 00:21:07]} {[%emt 00:00:40]} Nxd5 {[%clk 00:22:44]} {[%emt 00:00:21]}
28. dxe5 {[%clk 00:20:42]} {[%emt 00:00:55]} dxe5 {[%clk 00:22:23]} {[%emt
00:00:51]} 29. Nc4 {[%clk 00:18:22]} {[%emt 00:02:50]} Bd3+ {[%clk 00:22:22]}
{[%emt 00:00:32]} 30. Kg1 {[%clk 00:18:31]} {[%emt 00:00:21]} Bxc4 {[%clk
00:22:42]} {[%emt 00:00:10]} 31. Ne4 {[%clk 00:18:48]} {[%emt 00:00:13]} Rd8
{[%clk 00:21:33]} {[%emt 00:01:37]} 32. b3 {[%clk 00:18:00]} {[%emt 00:01:19]}
Bd3 {[%clk 00:21:02]} {[%emt 00:01:01]} 33. Nc5 {[%clk 00:17:52]} {[%emt
00:00:39]} Nxc3 {[%clk 00:19:35]} {[%emt 00:01:56]} 34. Re3 {[%clk 00:15:28]}
{[%emt 00:02:54]} e4 {[%clk 00:16:13]} {[%emt 00:03:52]} 35. Rae1 {[%clk
00:14:22]} {[%emt 00:01:35]} Nd5 {[%clk 00:14:08]} {[%emt 00:02:37]} 36. Rg3
{[%clk 00:13:03]} {[%emt 00:01:48]} Nf4 {[%clk 00:13:09]} {[%emt 00:01:28]} 37.
Rge3 {[%clk 00:12:53]} {[%emt 00:00:41]} Nd5 {[%clk 00:12:59]} {[%emt
00:00:41]} 38. Rg3 {[%clk 00:13:01]} {[%emt 00:00:21]} f5 {[%clk 00:12:49]}
{[%emt 00:00:40]} 39. f3 {[%clk 00:10:03]} {[%emt 00:03:29]} Nf4 {[%clk
00:11:28]} {[%emt 00:01:50]} 40. Kf2 {[%clk 00:09:37]} {[%emt 00:00:56]} Bc2
{[%clk 00:10:00]} {[%emt 00:01:57]} 41. Nxa6 {[%clk 00:07:15]} {[%emt
00:02:53]} Nd3+ {[%clk 00:09:23]} {[%emt 00:01:08]} 0-1

[Event "DEM U12w 2023"]
[Site "Willingen GER"]
[Date "2023.05.29"]
[Round "3"]
[White "Wang, Enya Marie"]
[Black "Kovalskyy, Alicia"]
[Result "1-0"]
[Termination "normal"]
[Board "7"]
[WhiteElo "1156"]
[BlackElo "1496"]
[WhiteClock "00:14:50"]
[BlackClock "00:00:56"]
[PlyCount "78"]
[WhiteFideId "34660330"]
[BlackFideId "34612130"]
[EventCountry "GER"]
[EventRounds "9"]
[EventType "swiss"]
[EventDate "2023.05.27"]

1. e4 {[%clk 01:30:58]} {[%emt 00:00:03]} e5 {[%clk 01:30:49]} {[%emt
00:00:10]} 2. Bc4 {[%clk 01:31:20]} {[%emt 00:00:07]} Nf6 {[%clk 01:28:48]}
{[%emt 00:02:31]} 3. d3 {[%clk 01:31:37]} {[%emt 00:00:13]} Nc6 {[%clk
01:28:39]} {[%emt 00:00:39]} 4. Nc3 {[%clk 01:31:28]} {[%emt 00:00:40]} Bc5
{[%clk 01:27:59]} {[%emt 00:01:08]} 5. Bg5 {[%clk 01:31:12]} {[%emt 00:00:47]}
h6 {[%clk 01:27:29]} {[%emt 00:01:00]} 6. Bxf6 {[%clk 01:30:45]} {[%emt
00:00:58]} Qxf6 {[%clk 01:26:49]} {[%emt 00:01:10]} 7. Nf3 {[%clk 01:31:06]}
{[%emt 00:00:08]} d6 {[%clk 01:26:36]} {[%emt 00:00:43]} 8. Nd5 {[%clk
01:30:52]} {[%emt 00:00:45]} Qd8 {[%clk 01:26:49]} {[%emt 00:00:17]} 9. c3
{[%clk 01:29:28]} {[%emt 00:01:54]} Na5 {[%clk 01:20:58]} {[%emt 00:06:20]} 10.
Bb3 {[%clk 01:21:41]} {[%emt 00:08:17]} Nxb3 {[%clk 01:20:58]} {[%emt
00:00:31]} 11. axb3 {[%clk 01:21:21]} {[%emt 00:00:49]} c6 {[%clk 01:20:36]}
{[%emt 00:00:53]} 12. b4 {[%clk 01:20:40]} {[%emt 00:01:11]} cxd5 {[%clk
01:02:03]} {[%emt 00:19:02]} 13. bxc5 {[%clk 01:20:16]} {[%emt 00:00:55]} dxc5
{[%clk 01:01:24]} {[%emt 00:01:09]} 14. Nxe5 {[%clk 01:18:35]} {[%emt
00:02:10]} Qe7 {[%clk 01:00:44]} {[%emt 00:01:10]} 15. f4 {[%clk 01:17:51]}
{[%emt 00:01:14]} dxe4 {[%clk 00:53:34]} {[%emt 00:07:40]} 16. dxe4 {[%clk
01:16:29]} {[%emt 00:01:52]} O-O {[%clk 00:45:28]} {[%emt 00:08:36]} 17. Qd5
{[%clk 01:12:39]} {[%emt 00:04:20]} Rd8 {[%clk 00:39:34]} {[%emt 00:06:24]} 18.
Qb3 {[%clk 01:09:02]} {[%emt 00:04:06]} b6 {[%clk 00:27:02]} {[%emt 00:13:03]}
19. O-O {[%clk 01:02:58]} {[%emt 00:06:34]} Bb7 {[%clk 00:27:03]} {[%emt
00:00:30]} 20. Rfe1 {[%clk 01:00:55]} {[%emt 00:02:32]} Qf6 {[%clk 00:26:11]}
{[%emt 00:01:19]} 21. g3 {[%clk 00:57:13]} {[%emt 00:04:16]} g5 {[%clk
00:19:24]} {[%emt 00:07:16]} 22. Ng4 {[%clk 00:50:17]} {[%emt 00:07:26]} Qg6
{[%clk 00:15:43]} {[%emt 00:04:09]} 23. f5 {[%clk 00:46:39]} {[%emt 00:04:11]}
Qg7 {[%clk 00:13:26]} {[%emt 00:02:46]} 24. e5 {[%clk 00:43:38]} {[%emt
00:03:31]} Rd2 {[%clk 00:11:56]} {[%emt 00:01:59]} 25. Ra4 {[%clk 00:38:43]}
{[%emt 00:05:26]} Rg2+ {[%clk 00:11:26]} {[%emt 00:00:59]} 26. Kf1 {[%clk
00:39:01]} {[%emt 00:00:13]} Kh8 {[%clk 00:07:25]} {[%emt 00:04:31]} 27. h4
{[%clk 00:36:05]} {[%emt 00:03:26]} Bc6 {[%clk 00:06:22]} {[%emt 00:01:32]} 28.
Qa3 {[%clk 00:30:07]} {[%emt 00:06:30]} Bxa4 {[%clk 00:05:59]} {[%emt
00:00:53]} 29. Kxg2 {[%clk 00:30:26]} {[%emt 00:00:10]} Bc6+ {[%clk 00:06:23]}
{[%emt 00:00:06]} 30. Kh3 {[%clk 00:29:08]} {[%emt 00:01:48]} gxh4 {[%clk
00:06:16]} {[%emt 00:00:37]} 31. c4 {[%clk 00:25:32]} {[%emt 00:04:06]} hxg3
{[%clk 00:05:58]} {[%emt 00:00:49]} 32. Qxg3 {[%clk 00:25:37]} {[%emt
00:00:25]} Qg5 {[%clk 00:06:09]} {[%emt 00:00:16]} 33. Ne3 {[%clk 00:24:39]}
{[%emt 00:01:31]} Qh5+ {[%clk 00:04:07]} {[%emt 00:02:32]} 34. Qh4 {[%clk
00:23:38]} {[%emt 00:01:30]} Qf3+ {[%clk 00:04:33]} {[%emt 00:00:03]} 35. Kh2
{[%clk 00:21:00]} {[%emt 00:03:09]} h5 {[%clk 00:02:56]} {[%emt 00:02:08]} 36.
Rg1 {[%clk 00:19:28]} {[%emt 00:02:01]} Qe2+ {[%clk 00:02:45]} {[%emt
00:00:40]} 37. Ng2 {[%clk 00:16:11]} {[%emt 00:03:48]} Qxe5+ {[%clk 00:02:37]}
{[%emt 00:00:38]} 38. Nf4 {[%clk 00:16:07]} {[%emt 00:00:35]} Qxf5 {[%clk
00:00:56]} {[%emt 00:02:11]} 39. Rg5 {[%clk 00:14:50]} {[%emt 00:01:46]} Qc2+
{[%emt 00:00:56]} 1-0

[Event "DEM U12w 2023"]
[Site "Willingen GER"]
[Date "2023.05.29"]
[Round "3"]
[White "Tu, Audrey"]
[Black "Leicher, Anna"]
[Result "1/2-1/2"]
[Termination "normal"]
[Board "8"]
[WhiteElo "1313"]
[BlackElo "1306"]
[WhiteClock "00:06:12"]
[BlackClock "00:03:39"]
[PlyCount "77"]
[WhiteFideId "34628568"]
[BlackFideId "34614966"]
[EventCountry "GER"]
[EventRounds "9"]
[EventType "swiss"]
[EventDate "2023.05.27"]

1. e4 {[%clk 01:30:59]} {[%emt 00:00:03]} e5 {[%clk 01:30:57]} {[%emt
00:00:02]} 2. Nf3 {[%clk 01:31:24]} {[%emt 00:00:04]} Nc6 {[%clk 01:31:26]}
{[%emt 00:00:01]} 3. Bb5 {[%clk 01:31:48]} {[%emt 00:00:07]} Bc5 {[%clk
01:31:41]} {[%emt 00:00:15]} 4. d3 {[%clk 01:31:13]} {[%emt 00:01:05]} a6
{[%clk 01:31:25]} {[%emt 00:00:45]} 5. Ba4 {[%clk 01:31:41]} d6 {[%clk
01:29:35]} {[%emt 00:02:23]} 6. c3 {[%clk 01:31:52]} Nf6 {[%clk 01:28:58]}
{[%emt 00:01:25]} 7. O-O {[%clk 01:30:46]} O-O {[%clk 01:29:00]} {[%emt
00:02:02]} 8. Re1 {[%emt 00:05:21]} Bg4 9. h3 {[%clk 01:28:13]} Bh5 {[%clk
01:27:57]} {[%emt 00:00:17]} 10. Nbd2 {[%clk 01:25:29]} {[%emt 00:03:15]} h6
{[%clk 01:18:12]} {[%emt 00:10:14]} 11. Nf1 {[%clk 01:23:43]} {[%emt 00:02:16]}
d5 {[%clk 01:08:01]} {[%emt 00:10:42]} 12. g4 {[%clk 01:05:56]} {[%emt
00:18:16]} Nxg4 {[%clk 00:54:36]} {[%emt 00:13:55]} 13. hxg4 {[%clk 01:04:33]}
{[%emt 00:01:53]} Bxg4 {[%clk 00:52:23]} {[%emt 00:02:43]} 14. N1h2 {[%clk
01:00:38]} {[%emt 00:04:26]} Bh3 {[%clk 00:49:08]} {[%emt 00:03:44]} 15. exd5
{[%clk 00:47:23]} {[%emt 00:13:45]} Qf6 {[%clk 00:45:57]} {[%emt 00:03:37]} 16.
dxc6 {[%clk 00:41:13]} {[%emt 00:06:44]} Qg6+ {[%clk 00:43:43]} {[%emt
00:02:41]} 17. Ng5 {[%clk 00:40:57]} {[%emt 00:00:48]} hxg5 {[%clk 00:41:14]}
{[%emt 00:02:59]} 18. Qf3 {[%clk 00:33:46]} {[%emt 00:07:42]} g4 {[%clk
00:38:12]} {[%emt 00:03:32]} 19. Qe4 {[%clk 00:29:45]} {[%emt 00:04:31]} Qxe4
{[%clk 00:35:33]} {[%emt 00:03:09]} 20. dxe4 {[%clk 00:29:51]} {[%emt
00:00:24]} g3 {[%clk 00:35:10]} {[%emt 00:00:53]} 21. Be3 {[%clk 00:29:08]}
{[%emt 00:01:13]} Bxe3 {[%clk 00:31:06]} {[%emt 00:04:33]} 22. Rxe3 {[%clk
00:29:22]} {[%emt 00:00:17]} gxh2+ {[%clk 00:31:24]} {[%emt 00:00:12]} 23. Kxh2
{[%clk 00:29:48]} {[%emt 00:00:03]} Bc8 {[%clk 00:31:20]} {[%emt 00:00:34]} 24.
Rd1 {[%clk 00:25:34]} {[%emt 00:04:45]} bxc6 {[%clk 00:27:06]} {[%emt
00:04:43]} 25. Bxc6 {[%clk 00:25:58]} {[%emt 00:00:07]} Rb8 {[%clk 00:27:29]}
{[%emt 00:00:05]} 26. b4 {[%clk 00:24:11]} {[%emt 00:02:19]} Rb6 {[%clk
00:23:55]} {[%emt 00:04:03]} 27. Bd5 {[%clk 00:22:45]} {[%emt 00:01:57]} Rf6
{[%clk 00:17:55]} {[%emt 00:06:24]} 28. Kg2 {[%clk 00:21:54]} {[%emt 00:01:26]}
Rg6+ {[%clk 00:16:15]} {[%emt 00:02:11]} 29. Rg3 {[%clk 00:21:32]} {[%emt
00:00:52]} Rb6 {[%clk 00:14:40]} {[%emt 00:02:04]} 30. Rg1 {[%clk 00:17:31]}
{[%emt 00:04:32]} Kh8 {[%clk 00:09:05]} {[%emt 00:06:05]} 31. Rh1+ {[%clk
00:17:11]} {[%emt 00:00:49]} Kg8 {[%clk 00:09:28]} {[%emt 00:00:07]} 32. Rg1
{[%clk 00:17:31]} {[%emt 00:00:10]} Kh7 {[%clk 00:08:04]} {[%emt 00:01:55]} 33.
Rh1+ {[%clk 00:17:52]} {[%emt 00:00:09]} Kg8 {[%clk 00:08:26]} {[%emt
00:00:07]} 34. Rg1 {[%clk 00:18:17]} {[%emt 00:00:05]} Be6 {[%clk 00:08:16]}
{[%emt 00:00:40]} 35. Kf1 {[%clk 00:17:08]} {[%emt 00:01:40]} g6 {[%clk
00:08:17]} {[%emt 00:00:29]} 36. a3 {[%clk 00:12:49]} {[%emt 00:04:48]} Rd8
{[%clk 00:07:37]} {[%emt 00:01:05]} 37. c4 {[%clk 00:11:18]} {[%emt 00:02:06]}
Bxd5 {[%clk 00:03:40]} {[%emt 00:04:27]} 38. exd5 {[%clk 00:08:42]} {[%emt
00:03:06]} Rf6 {[%clk 00:03:39]} {[%emt 00:00:32]} 39. Rg4 {[%clk 00:06:12]}
{[%emt 00:03:00]} 1/2-1/2

[Event "DEM U12w 2023"]
[Site "Willingen GER"]
[Date "2023.05.29"]
[Round "3"]
[White "Averkova, Mariia"]
[Black "Rafikova, Ailin"]
[Result "0-1"]
[Termination "normal"]
[Board "9"]
[WhiteElo "1367"]
[BlackElo "1238"]
[WhiteClock "00:27:08"]
[BlackClock "00:03:50"]
[PlyCount "110"]
[WhiteFideId "34651470"]
[BlackFideId "34612173"]
[EventCountry "GER"]
[EventRounds "9"]
[EventType "swiss"]
[EventDate "2023.05.27"]

1. e4 {[%clk 01:30:58]} d5 {[%clk 01:30:42]} {[%emt 00:00:18]} 2. exd5 {[%clk
01:31:22]} {[%emt 00:00:07]} Nf6 {[%clk 01:30:55]} {[%emt 00:00:16]} 3. d4
{[%clk 01:31:20]} {[%emt 00:00:33]} Nxd5 {[%clk 01:31:04]} {[%emt 00:00:21]} 4.
Bg5 {[%clk 01:30:59]} {[%emt 00:00:51]} c6 {[%clk 01:25:04]} {[%emt 00:06:30]}
5. Bc4 {[%clk 01:27:28]} {[%emt 00:04:02]} Nf6 {[%clk 01:18:36]} {[%emt
00:06:57]} 6. h3 {[%clk 01:22:38]} {[%emt 00:05:21]} Bf5 {[%clk 01:13:53]}
{[%emt 00:05:11]} 7. Nf3 {[%clk 01:20:08]} {[%emt 00:03:01]} e6 {[%clk
01:10:22]} {[%emt 00:04:01]} 8. O-O {[%clk 01:17:48]} {[%emt 00:02:50]} h6
{[%clk 01:05:40]} {[%emt 00:05:11]} 9. Bh4 {[%clk 01:17:20]} {[%emt 00:00:59]}
Bd6 {[%clk 01:02:23]} {[%emt 00:03:47]} 10. Ne5 {[%clk 01:14:04]} {[%emt
00:03:46]} Nbd7 {[%clk 00:52:04]} {[%emt 00:10:49]} 11. Re1 {[%clk 01:10:34]}
{[%emt 00:03:59]} g5 {[%clk 00:45:43]} {[%emt 00:06:52]} 12. Bg3 {[%clk
01:10:27]} {[%emt 00:00:37]} Bxe5 {[%clk 00:40:29]} {[%emt 00:05:45]} 13. Bxe5
{[%clk 01:08:01]} {[%emt 00:02:55]} Nxe5 {[%clk 00:39:35]} {[%emt 00:01:24]}
14. Rxe5 {[%clk 01:06:40]} {[%emt 00:01:51]} Qd6 {[%clk 00:34:37]} {[%emt
00:05:28]} 15. c3 {[%clk 01:03:24]} {[%emt 00:03:46]} h5 {[%clk 00:29:18]}
{[%emt 00:05:50]} 16. Qe2 {[%clk 00:53:39]} {[%emt 00:10:13]} Kd7 {[%clk
00:16:28]} {[%emt 00:13:21]} 17. Nd2 {[%clk 00:49:30]} {[%emt 00:04:39]} h4
{[%clk 00:14:39]} {[%emt 00:02:18]} 18. f3 {[%clk 00:47:46]} {[%emt 00:02:15]}
Nh5 {[%clk 00:12:36]} {[%emt 00:02:34]} 19. Ne4 {[%clk 00:40:53]} {[%emt
00:07:22]} Bxe4 {[%clk 00:10:40]} {[%emt 00:02:24]} 20. fxe4 {[%clk 00:37:52]}
{[%emt 00:03:33]} Ng3 {[%clk 00:08:40]} {[%emt 00:02:30]} 21. Qf3 {[%clk
00:36:35]} {[%emt 00:01:47]} Qe7 {[%clk 00:07:16]} {[%emt 00:01:54]} 22. Rd1
{[%clk 00:32:51]} {[%emt 00:04:13]} Kc7 {[%clk 00:06:16]} {[%emt 00:01:32]} 23.
Qf2 {[%clk 00:28:46]} {[%emt 00:04:33]} Rad8 {[%clk 00:05:05]} {[%emt
00:01:41]} 24. b4 {[%clk 00:26:01]} {[%emt 00:03:16]} Rhf8 {[%clk 00:04:04]}
{[%emt 00:01:31]} 25. d5 {[%clk 00:23:33]} {[%emt 00:02:57]} cxd5 {[%clk
00:02:25]} {[%emt 00:02:10]} 26. exd5 {[%clk 00:23:24]} {[%emt 00:00:38]} Qd6
{[%clk 00:02:09]} {[%emt 00:00:47]} 27. Ree1 {[%clk 00:17:48]} {[%emt
00:06:05]} Qb6 {[%clk 00:01:16]} {[%emt 00:01:24]} 28. Qxb6+ {[%clk 00:17:47]}
{[%emt 00:00:32]} Kxb6 {[%clk 00:01:24]} {[%emt 00:00:21]} 29. dxe6 {[%clk
00:16:19]} {[%emt 00:01:58]} fxe6 {[%clk 00:01:22]} {[%emt 00:00:32]} 30. Rxe6+
{[%clk 00:16:19]} {[%emt 00:00:29]} Kc7 {[%clk 00:01:15]} {[%emt 00:00:38]} 31.
Rde1 {[%clk 00:15:10]} {[%emt 00:01:37]} Rd2 {[%clk 00:01:02]} {[%emt
00:00:45]} 32. Re7+ {[%clk 00:14:14]} {[%emt 00:01:26]} Kb8 {[%clk 00:01:12]}
{[%emt 00:00:21]} 33. Re8+ {[%clk 00:13:45]} {[%emt 00:00:58]} Rxe8 {[%clk
00:01:30]} {[%emt 00:00:12]} 34. Rxe8+ {[%clk 00:14:10]} {[%emt 00:00:05]} Kc7
{[%clk 00:01:35]} {[%emt 00:00:25]} 35. Re7+ {[%clk 00:12:51]} {[%emt
00:01:49]} Kb6 {[%clk 00:01:08]} {[%emt 00:00:57]} 36. Re5 {[%clk 00:10:27]}
{[%emt 00:02:53]} Rc2 {[%clk 00:00:53]} {[%emt 00:00:46]} 37. Rxg5 {[%clk
00:09:22]} {[%emt 00:01:34]} Rc1+ {[%clk 00:01:02]} {[%emt 00:00:22]} 38. Kf2
{[%clk 00:09:37]} {[%emt 00:00:10]} Ne4+ {[%clk 00:01:22]} {[%emt 00:00:14]}
39. Kf3 {[%clk 00:09:53]} {[%emt 00:00:15]} Nxg5+ {[%clk 00:01:33]} {[%emt
00:00:20]} 40. Kg4 {[%clk 00:10:14]} {[%emt 00:00:08]} Rxc3 {[%clk 00:01:04]}
{[%emt 00:00:59]} 41. Kxh4 {[%clk 00:10:09]} {[%emt 00:00:35]} Rxc4+ {[%clk
00:00:42]} {[%emt 00:00:53]} 42. Kxg5 {[%clk 00:10:31]} {[%emt 00:00:07]} Rc3
{[%clk 00:22:40]} {[%emt 00:08:36]} 43. Kh4 {[%clk 00:38:38]} {[%emt 00:02:23]}
Rc4+ {[%clk 00:17:18]} {[%emt 00:05:52]} 44. g4 {[%emt 00:04:15]} Rxb4 {[%clk
00:14:43]} 45. Kh5 {[%clk 00:37:42]} {[%emt 00:00:46]} Kc6 {[%clk 00:10:51]}
{[%emt 00:04:23]} 46. g5 {[%clk 00:34:57]} {[%emt 00:03:15]} Kd6 {[%clk
00:09:03]} {[%emt 00:02:19]} 47. g6 {[%clk 00:32:11]} {[%emt 00:03:16]} Ke6
{[%clk 00:07:08]} {[%emt 00:02:25]} 48. Kg5 {[%clk 00:31:30]} {[%emt 00:01:11]}
Rb5+ {[%clk 00:06:38]} {[%emt 00:00:59]} 49. Kh6 {[%clk 00:30:48]} {[%emt
00:01:12]} Kf6 {[%clk 00:06:11]} {[%emt 00:00:57]} 50. h4 {[%clk 00:30:17]}
{[%emt 00:01:01]} a5 {[%clk 00:05:12]} {[%emt 00:01:30]} 51. g7 {[%clk
00:29:23]} {[%emt 00:01:23]} Kf7 {[%clk 00:04:50]} {[%emt 00:00:52]} 52. h5
{[%clk 00:28:50]} {[%emt 00:01:03]} a4 {[%clk 00:03:48]} {[%emt 00:01:32]} 53.
a3 {[%clk 00:26:27]} {[%emt 00:02:53]} b6 {[%clk 00:03:24]} {[%emt 00:00:54]}
54. g8=Q+ {[%clk 00:26:45]} {[%emt 00:00:12]} Kxg8 {[%clk 00:03:41]} {[%emt
00:00:13]} 55. Kg6 {[%clk 00:27:08]} {[%emt 00:00:06]} Rb3 {[%clk 00:03:50]}
{[%emt 00:00:22]} *